000 00487nam a22001697a 4500
020 _a9781260452310
082 _a615.1
_bKAT
245 _aBasic & Clinical Pharmacology /
_cEdited by Bertram G. Katzung; Todd W. Vanderah
250 _a15th Edition.
260 _aNew York :
_bMcGraw-Hill Education,
_c2021.
300 _avolume;
_bill,
_c28 cm.
563 _aPBK.
650 _aPharmacology
_9113344
650 _aClinical pharmacology
_9113640
650 _aDrugs
942 _2ddc
_cBK
999 _c595276
_d595276